Making a fortune quickly in fix-up properties / (Record no. 671)

MARC details
000 -LEADER
fixed length control field 01249cam a2200289 a 4500
001 - CONTROL NUMBER
control field 4770230
005 - DATE AND TIME OF LATEST TRANSACTION
control field 20210414113923.0
008 - FIXED-LENGTH DATA ELEMENTS--GENERAL INFORMATION
fixed length control field 860822s1986 ilu 001 0 eng
010 ## - LIBRARY OF CONGRESS CONTROL NUMBER
LC control number 86019912
020 ## - INTERNATIONAL STANDARD BOOK NUMBER
International Standard Book Number 0809248395 (pbk.) :
Terms of availability $6.95
040 ## - CATALOGING SOURCE
Original cataloging agency DLC
Transcribing agency DLC
Modifying agency DLC
050 00 - LIBRARY OF CONGRESS CALL NUMBER
Classification number HD1382.5.M32
082 00 - DEWEY DECIMAL CLASSIFICATION NUMBER
Classification number 332.63/243
Edition number 19
100 1# - MAIN ENTRY--PERSONAL NAME
Personal name McLean, Andrew James.
245 10 - TITLE STATEMENT
Title Making a fortune quickly in fix-up properties /
Statement of responsibility, etc. Andrew James McLean.
260 ## - PUBLICATION, DISTRIBUTION, ETC.
Place of publication, distribution, etc. Chicago :
Name of publisher, distributor, etc. Contemporary Books,
Date of publication, distribution, etc. c1986.
300 ## - PHYSICAL DESCRIPTION
Extent v, 172 p.:
Dimensions 21cm.
500 ## - GENERAL NOTE
General note Subtitle on cover: Learn how to locate, finance, improve, and sell undervalued real estate for profit.
500 ## - GENERAL NOTE
General note Includes index.
505 ## - FORMATTED CONTENTS NOTE
Formatted contents note Contents: How to finance a fixer-upper -- Buy right to sell right -- Where to find your diamond in the rough -- Appraisal -- Fixing up your property -- Making the deal -- The Money maker: Lease-option -- More money-making concepts -- Property management: One man's dilemma is another man's profit -- Tax savings from depreciation.
650 #0 - SUBJECT ADDED ENTRY--TOPICAL TERM
Topical term or geographic name entry element Real estate investment.
650 #0 - SUBJECT ADDED ENTRY--TOPICAL TERM
Topical term or geographic name entry element Dwellings
General subdivision Remodeling.
650 #0 - SUBJECT ADDED ENTRY--TOPICAL TERM
Topical term or geographic name entry element House buying.
650 #0 - SUBJECT ADDED ENTRY--TOPICAL TERM
Topical term or geographic name entry element House selling.
906 ## - LOCAL DATA ELEMENT F, LDF (RLIN)
a 7
b cbc
c orignew
d 1
e ocip
f 19
g y-gencatlg
942 ## - ADDED ENTRY ELEMENTS (KOHA)
Source of classification or shelving scheme Library of Congress Classification
Koha item type Books
Holdings
Withdrawn status Lost status Source of classification or shelving scheme Damaged status Not for loan Home library Current library Shelving location Date acquired Total Checkouts Full call number Barcode Date last seen Copy number Price effective from Koha item type
    Library of Congress Classification     WISCONSIN INTERNATIONAL UNIVERSITY COLLEGE, GHANA - MAIN LIBRARY WISCONSIN INTERNATIONAL UNIVERSITY COLLEGE, GHANA - MAIN LIBRARY General Stacks 22/03/2012   HD1382.5.M32 1666/12 22/03/2012 1 22/03/2012 Books
    Library of Congress Classification     WISCONSIN INTERNATIONAL UNIVERSITY COLLEGE, GHANA - MAIN LIBRARY WISCONSIN INTERNATIONAL UNIVERSITY COLLEGE, GHANA - MAIN LIBRARY General Stacks 22/03/2012   HD1382.5.M321 1667/12 22/03/2012 2 22/03/2012 Books
    Library of Congress Classification     WISCONSIN INTERNATIONAL UNIVERSITY COLLEGE, GHANA - MAIN LIBRARY WISCONSIN INTERNATIONAL UNIVERSITY COLLEGE, GHANA - MAIN LIBRARY General Stacks 22/03/2012   HD1382.5.M322 1668/12 22/03/2012 3 22/03/2012 Books
    Library of Congress Classification     WISCONSIN INTERNATIONAL UNIVERSITY COLLEGE, GHANA - MAIN LIBRARY WISCONSIN INTERNATIONAL UNIVERSITY COLLEGE, GHANA - MAIN LIBRARY General Stacks 22/03/2012   HD1382.5.M323 1669/12 22/03/2012 4 22/03/2012 Books
    Library of Congress Classification     WISCONSIN INTERNATIONAL UNIVERSITY COLLEGE, GHANA - MAIN LIBRARY WISCONSIN INTERNATIONAL UNIVERSITY COLLEGE, GHANA - MAIN LIBRARY General Stacks 22/03/2012   HD1382.5.M324 1670/12 22/03/2012 5 22/03/2012 Books
    Library of Congress Classification     WISCONSIN INTERNATIONAL UNIVERSITY COLLEGE, GHANA - MAIN LIBRARY WISCONSIN INTERNATIONAL UNIVERSITY COLLEGE, GHANA - MAIN LIBRARY General Stacks 22/03/2012   HD1382.5.M325 1671/12 22/03/2012 6 22/03/2012 Books
    Library of Congress Classification     WISCONSIN INTERNATIONAL UNIVERSITY COLLEGE, GHANA - MAIN LIBRARY WISCONSIN INTERNATIONAL UNIVERSITY COLLEGE, GHANA - MAIN LIBRARY General Stacks 22/03/2012   HD1382.5.M326 1672/12 22/03/2012 7 22/03/2012 Books
    Library of Congress Classification     WISCONSIN INTERNATIONAL UNIVERSITY COLLEGE, GHANA - MAIN LIBRARY WISCONSIN INTERNATIONAL UNIVERSITY COLLEGE, GHANA - MAIN LIBRARY General Stacks 22/03/2012   HD1382.5.M327 1673/12 22/03/2012 8 22/03/2012 Books
    Library of Congress Classification     WISCONSIN INTERNATIONAL UNIVERSITY COLLEGE, GHANA - MAIN LIBRARY WISCONSIN INTERNATIONAL UNIVERSITY COLLEGE, GHANA - MAIN LIBRARY General Stacks 22/03/2012   HD1382.5.M328 1674/12 22/03/2012 9 22/03/2012 Books
    Library of Congress Classification     WISCONSIN INTERNATIONAL UNIVERSITY COLLEGE, GHANA - MAIN LIBRARY WISCONSIN INTERNATIONAL UNIVERSITY COLLEGE, GHANA - MAIN LIBRARY General Stacks 22/03/2012   HD1382.5.M329 1675/12 22/03/2012 10 22/03/2012 Books
    Library of Congress Classification     WISCONSIN INTERNATIONAL UNIVERSITY COLLEGE, GHANA - MAIN LIBRARY WISCONSIN INTERNATIONAL UNIVERSITY COLLEGE, GHANA - MAIN LIBRARY Reference 22/11/2012   HD1382.5.M32 6510/12 22/11/2012 11 22/11/2012 Books

If you have any concerns or questions; kindly contact the library


© Powered by WIUC ICT DIRECTORATE